Návrh technológie navárania časti železničného zvršku : Diplomová práca

Salvato in:
Dettagli Bibliografici
Autore principale: Dimitrov, Ivan (Autore)
Altri autori: Turňa, Milan (xxx)
Natura: Manoscritto Libro
Lingua:slovacco
Pubblicazione: Trnava : STU v Bratislave MtF KZv, 2002
Soggetti:
Tags: Aggiungi Tag
Nessun Tag, puoi essere il primo ad aggiungerne!!

MARC

LEADER 00000ntm a22000003a 4500
001 stu76145
005 20160719155026.0
008 020618s2002----xo------------------slo-d
040 |a STU  |b slo 
041 0 |a slo 
044 |a xo 
100 1 |a Dimitrov, Ivan  |4 aut 
245 1 |a Návrh technológie navárania časti železničného zvršku :  |b Diplomová práca 
260 |a Trnava :  |b STU v Bratislave MtF KZv,  |c 2002 
300 |a 62 s  |c abstr. 
650 7 |a technológie navárania  |2 stusub 
650 7 |a železničné zvršky  |2 stusub 
650 7 |a strojárske technológie  |2 stusub 
700 1 |a Turňa, Milan  |4 xxx  |u M3000  |U MTF Materiálovotechnologická fakulta  |T MTF Ústav výrobných technológií  |U M3000  |Y 83